| 000 | 00709nam a2200217Ia 4500 | ||
|---|---|---|---|
| 003 | IN-BaIIA | ||
| 008 | 211028s9999 xx 000 0 eng d | ||
| 020 | _a0-8243-0919-7 | ||
| 040 | _cIIA Library | ||
| 080 |
_a(05)52 _bANN-19 |
||
| 245 | 0 |
_aAnnual review of astronomy and astrophysics _bvol. 19 _cedited by G. Burbidge, D. Layzer and J. G. Phillip |
|
| 260 |
_aPalo Alto _bAnnual Reviews _c1981 |
||
| 300 | _a479p. | ||
| 650 | _aAstronomy and astrophysics thesaurus | ||
| 650 |
_aAstronomy-Periodicals _94087 |
||
| 650 |
_aAstrophysics-Periodicals _94088 |
||
| 700 |
_aBurbidge, Geoffrey R., ed. _911938 |
||
| 700 |
_aLayzer, David., ed. _94091 |
||
| 700 |
_aPhillips, John G., ed. _95230 |
||
| 942 | _cBK | ||
| 999 |
_c6968 _d6968 |
||